| 000 | 00662nam a2200217 a 4500 | ||
|---|---|---|---|
| 005 | 20140310183451.0 | ||
| 008 | 090120s19uu xx 00 eng d | ||
| 020 | _a9781564149909 | ||
| 050 |
_aHF 5549 _b.Ar89786 2008 |
||
| 100 | _aArmstrong, Sharon | ||
| 245 |
_aThe essential hr handbook : _ba quick and handy resource for any manager of hr professional / _cSharon Armstrong |
||
| 260 |
_aFranklin Lakes, N.J : _bCareer Press, Inc, _c2008. |
||
| 300 |
_a255 p. : _bill. ; _c21 cm. |
||
| 521 | _aBSBA | ||
| 650 | _aBSBA. | ||
| 650 | _aPersonnel management. | ||
| 700 | _aMitchell, Barbara | ||
| 942 |
_cBK _2lcc _kFOR |
||
| 999 |
_c23394 _d23394 |
||